000
00236nam a2200097Ia 4500
008
230508s9999 xx 000 0 und d
041
_a
eng
100
_a
CHOUDHARI S K
245
_a
DESIGN OF MACHINE TOOLS
260
_b
ALL IND.COUNCIL FOR
999
_c
735658
_d
735658